Cuarenta siglos de arte mexicano : arte colonial /

Сохранить в:
Библиографические подробности
Главный автор: Maza Cuadra, Francisco de la (autor)
Другие авторы: Pardinas Illanes, Felipe (autor) (autor), Encina, Juan de la (autor) (autor)
Формат:
Язык:испанский
Опубликовано: México : Herrero Hermanos : Promexa, 1981, c1970
Метки: Добавить метку
Нет меток, Требуется 1-ая метка записи!

MARC

LEADER 00000nam^a2200000^a^4500
001 000452647
005 20250526000000.0
009 20260310123842.892
020 |a 968-420-102-8 
037 |a Acervo Xavier Clavigero 
041 |a ESP 
091 |a FCA. 04179 
100 |a Maza Cuadra, Francisco de la  |e (autor) 
245 1 0 |a Cuarenta siglos de arte mexicano :  |b arte colonial / 
264 4 |a México :  |b Herrero Hermanos :  |b Promexa,  |c 1981, c1970 
300 |a p. 199-365 ;  |c 33.0 cm. 
336 |a texto  |b txt  |2 rdacontenido 
337 |a sin mediación  |b n  |2 rdamedio 
338 |a volumen  |b nc  |2 rdasoporte 
649 |a XX 
700 |a Pardinas Illanes, Felipe  |e (autor) 
700 |a Encina, Juan de la  |e (autor) 
910 |a Fondo Xavier Cacho Vázquez S.J. 
920 |a Impresos - Libros 
930 |a Libros Antiguos y Raros 
905 |a 108 
901 |a 0500376277  |b IT2  |c LRA  |u 20250526 
902 |a https://opac.biblio.iteso.mx/vufind/Record/000452647